Statistics for West Midlands Train Stations

Click here to take the quiz!

General Stats

  • This quiz has been taken 48 times
  • The average score is 36 of 69

Answer Stats

Main OperatorStation% Correct
West Midlands RailwayBirmingham New Street
100%
West Midlands RailwayWalsall
88%
West Midlands RailwayWolverhampton
88%
West Midlands RailwayBirmingham Moor Street
86%
Avanti West CoastCoventry
84%
West Midlands RailwayAston
81%
West Midlands RailwayBirmingham International
79%
West Midlands RailwayBirmingham Snow Hill
79%
West Midlands RailwaySutton Coldfield
74%
West Midlands RailwaySolihull
72%
West Midlands RailwaySandwell & Dudley
67%
West Midlands RailwayFive Ways
65%
West Midlands RailwaySelly Oak
65%
West Midlands RailwayUniversity
65%
West Midlands RailwayBournville
63%
West Midlands RailwayJewellery Quarter
63%
West Midlands RailwaySmethwick Galton Bridge
63%
West Midlands RailwayChester Road
58%
West Midlands RailwayErdington
58%
London Northwestern RailwayTile Hill
58%
West Midlands RailwayDuddeston
56%
West Midlands RailwayGravelly Hill
56%
West Midlands RailwayPerry Barr
56%
West Midlands RailwaySmethwick Rolfe Street
56%
West Midlands RailwayTipton
56%
West Midlands RailwayBescot Stadium
53%
West Midlands RailwayFour Oaks
53%
West Midlands RailwayKings Norton
53%
West Midlands RailwaySmall Heath
53%
West Midlands RailwayWitton
53%
West Midlands RailwayAcocks Green
51%
London Northwestern RailwayCanley
51%
West Midlands RailwayDudley Port
51%
West Midlands RailwayMarston Green
51%
West Midlands RailwayNorthfield
51%
West Midlands RailwayWylde Green
49%
West Midlands RailwayAdderley Park
47%
West Midlands RailwayBlake Street
47%
West Midlands RailwayButlers Lane
47%
West Midlands RailwayLongbridge
47%
West Midlands RailwayStourbridge Junction
47%
West Midlands RailwayThe Hawthorns
47%
West Midlands RailwayBordesley
44%
West Midlands RailwayCoseley
44%
West Midlands RailwayDorridge
44%
West Midlands RailwayHamstead
44%
West Midlands RailwayLea Hall
44%
West Midlands RailwayShirley
44%
West Midlands RailwayStourbridge Town
44%
West Midlands RailwayTame Bridge Parkway
44%
London Northwestern RailwayBerkswell
42%
West Midlands RailwayStechford
42%
West Midlands RailwayTyseley
42%
West Midlands RailwayCradley Heath
40%
West Midlands RailwayRowley Regis
40%
West Midlands RailwayBloxwich
37%
West Midlands RailwayHall Green
37%
London Northwestern RailwayHampton-in-Arden
37%
West Midlands RailwayCoventry Arena
35%
West Midlands RailwayLye
35%
West Midlands RailwayOld Hill
35%
West Midlands RailwayOlton
35%
West Midlands RailwayWhitlocks End
35%
West Midlands RailwayBloxwich North
33%
West Midlands RailwayYardley Wood
33%
West Midlands RailwayWidney Manor
30%
West Midlands RailwayLangley Green
28%
West Midlands RailwaySpring Road
28%
West Midlands RailwayEarlswood
19%

Score Distribution

Percentile by Number Answered

Percent of People with Each Score

Your Score History

You have not taken this quiz